[Event "Andalucia-ch U18"]
[Site "Almeria"]
[Date "2011.04.20"]
[Round "8.13"]
[White "Orantes Taboada, Manuel"]
[Black "Moncada Rios, Maria"]
[Result "0-1"]
[WhiteElo "1854"]
[BlackElo "1665"]
[PlyCount "63"]
[EventDate "2011.04.16"]
[EventType "swiss"]
[EventRounds "8"]
[EventCountry "ESP"]
[SourceTitle "EXT 2024"]
[Source "ChessBase"]
[SourceDate "2023.10.10"]
[SourceVersion "1"]
[SourceVersionDate "2023.10.10"]
[SourceQuality "1"]

1. e4 c5 2. Nc3 Nc6 3. g3 g6 4. Bg2 Bg7 5. d3 Nf6 6. f4 d6 7. h3 0-0 8. Nf3 Qc7 9. 0-0 a6 10. g4 Rb8 11. Ne2 b5 12. Qe1 Nd7 13. Qh4 Nb4 14. f5 d5 15. Bh6 Ne5 16. Nxe5 Bxh6 17. Qxh6 Qxe5 18. fxg6 hxg6 19. Nf4 Qg7 20. Qxg7+ Kxg7 21. Rf2 dxe4 22. Bxe4 Bb7 23. Bxb7 Rxb7 24. Raf1 Rbb8 25. a3 Nc6 26. g5 Rh8 27. Kg2 Nd4 28. Nd5 Nf5 29. Rxf5 gxf5 30. Nxe7 Rbe8 31. Nxf5+ Kg6 32. Rf2 0-1